Acoustics and sound insulation: principles, planning, examples.
Bewaard in:
| Hoofdauteur: | |
|---|---|
| Formaat: | Boek |
| Taal: | Engels |
| Gepubliceerd in: |
Múnich, Alemania
Detail
2008
|
| Editie: | Primera edición |
| Reeks: | Detail Practice
|
| Onderwerpen: | |
| Tags: |
Voeg label toe
Geen labels, Wees de eerste die dit record labelt!
|
MARC
| LEADER | 00000cam a2200000 a 4500 | ||
|---|---|---|---|
| 001 | UCE2692 | ||
| 003 | CL-VaPUC | ||
| 005 | 20220302122210.0 | ||
| 008 | 140724e20080000gw |||||||||||||||||eng|d | ||
| 999 | |c 356267 |d 356265 | ||
| 020 | |a 9783764399535 | ||
| 040 | |c Pontificia Universidad Católica de Valparaíso | ||
| 082 | 0 | 4 | |a 690.2 MOM 2008 |2 21 |
| 100 | |a Mommertz, Eckard |e autor |9 575232 | ||
| 245 | 1 | 0 | |a Acoustics and sound insulation: principles, planning, examples. |
| 250 | |a Primera edición | ||
| 260 | 0 | 3 | |a Múnich, Alemania |b Detail |c 2008 |
| 300 | |a 112 páginas | ||
| 490 | 0 | |a Detail Practice | |
| 583 | |a last modification |c 20170406 02:55:14 |k Rodrigo Vera | ||
| 650 | 0 | |a Acústica |9 265389 | |
| 650 | 0 | |a Diseño arquitectónico |9 265271 | |
| 650 | 7 | |a CONTROL DE RUIDO |2 CL-VaPUC |9 310812 | |
| 942 | |c BK |2 ddc | ||
| 945 | |d 20140724 10:48:00 |a cmena | ||
| 952 | |0 0 |1 0 |2 ddc |3 erb |4 0 |6 690_200000000000000_MOM_2008 |7 0 |8 A |9 463484 |a BIBING |b BIBING |i 5091055 |o 690.2 MOM 2008 |p 5091055 |r 2025-01-20 |t 2 |w 2019-11-23 |y BK |z Catalogado en:20140724 |k EIE | ||
| 952 | |0 0 |1 0 |2 ddc |3 erb |4 0 |6 690_200000000000000_MOM_2008 |7 0 |8 A |9 463485 |a BIBARQ |b BIBARQ |i 5282713 |l 1 |o 690.2 MOM 2008 |p 5282713 |r 2025-01-20 |s 2024-09-03 |t 1 |w 2019-11-23 |y BK |z Catalogado en:20160421 |k ARQ | ||